<?xml version="1.0" encoding="UTF-8"?>
<record
    xmlns:xsi="http://www.w3.org/2001/XMLSchema-instance"
    xsi:schemaLocation="http://www.loc.gov/MARC21/slim http://www.loc.gov/standards/marcxml/schema/MARC21slim.xsd"
    xmlns="http://www.loc.gov/MARC21/slim">

  <leader>01393naa a22002297i 4500</leader>
  <controlfield tag="003">KOSZ 005</controlfield>
  <controlfield tag="005">20180417142435.0</controlfield>
  <controlfield tag="008">160308s2009    pl  ||||| ||||0|| 0 pol  </controlfield>
  <datafield tag="035" ind1=" " ind2=" ">
    <subfield code="a">PBN-R:252261</subfield>
  </datafield>
  <datafield tag="040" ind1=" " ind2=" ">
    <subfield code="c">KOSZ 005/md</subfield>
    <subfield code="a">PBN-ID</subfield>
  </datafield>
  <datafield tag="041" ind1="0" ind2=" ">
    <subfield code="a">pol</subfield>
  </datafield>
  <datafield tag="100" ind1=" " ind2=" ">
    <subfield code="a">KUKIE&#x141;KA, Leon.</subfield>
    <subfield code="d">1996 - .</subfield>
    <subfield code="b">Politechnika Koszali&#x144;ska - Wydzia&#x142; Mechaniczny,</subfield>
    <subfield code="c">Katedra Mechaniki Technicznej i Wytrzyma&#x142;o&#x15B;ci Materia&#x142;&#xF3;w</subfield>
  </datafield>
  <datafield tag="245" ind1="1" ind2="0">
    <subfield code="a">Analiza numeryczna wra&#x17C;liwo&#x15B;ci procesu nagniatania umacniaj&#x105;cego na parametry materia&#x142;owe przedmiotu obrabianego w aspekcie jako&#x15B;ci warstwy wierzchniej /</subfield>
    <subfield code="c">Leon Kukie&#x142;ka, Rados&#x142;aw Patyk.</subfield>
  </datafield>
  <datafield tag="260" ind1=" " ind2=" ">
    <subfield code="c">2009.</subfield>
  </datafield>
  <datafield tag="655" ind1=" " ind2="0">
    <subfield code="a">Materia&#x142;y konferencyjne.</subfield>
  </datafield>
  <datafield tag="700" ind1=" " ind2=" ">
    <subfield code="a">PATYK, Rados&#x142;aw.</subfield>
    <subfield code="d">2007 - .</subfield>
    <subfield code="b">Politechnika Koszali&#x144;ska - Wydzia&#x142; Mechaniczny</subfield>
    <subfield code="c">Katedra Mechaniki Technicznej i Wytrzyma&#x142;o&#x15B;ci Materia&#x142;&#xF3;w</subfield>
  </datafield>
  <datafield tag="711" ind1=" " ind2=" ">
    <subfield code="a">PRMR 2009</subfield>
    <subfield code="n">(22 ;</subfield>
    <subfield code="d">2009 ;</subfield>
    <subfield code="c">Zakopane, Polska).</subfield>
    <subfield code="p">PRMR 2009</subfield>
  </datafield>
  <datafield tag="773" ind1="0" ind2="8">
    <subfield code="i">W :</subfield>
    <subfield code="t">Problemy rozwoju maszyn roboczych : Materia&#x142;y XXII Konferencji naukowej. -</subfield>
    <subfield code="d">Kielce : Wydaw. Politechniki &#x15A;wi&#x119;tokrzyskiej, 2009. -</subfield>
    <subfield code="g">s. 129-130.</subfield>
    <subfield code="k">(Zeszyty Naukowe ; Politechnika &#x15A;wi&#x119;tokrzyska Nauki Techniczne. Budowa i Eksploatacja Maszyn ; nr 12)</subfield>
  </datafield>
  <datafield tag="830" ind1=" " ind2=" ">
    <subfield code="a">Zeszyty Naukowe - Politechnika &#x15A;wi&#x119;tokrzyska ;</subfield>
    <subfield code="v">12</subfield>
  </datafield>
  <datafield tag="830" ind1=" " ind2=" ">
    <subfield code="a">Nauki Techniczne. Budowa i Eksploatacja Maszyn - Politechnika &#x15A;wi&#x119;tokrzyska.</subfield>
  </datafield>
  <datafield tag="942" ind1=" " ind2=" ">
    <subfield code="c">ROZ</subfield>
    <subfield code="2">UKD</subfield>
  </datafield>
  <datafield tag="999" ind1=" " ind2=" ">
    <subfield code="c">8250</subfield>
    <subfield code="d">8250</subfield>
  </datafield>
</record>
